<?xml version="1.0" encoding="UTF-8"?>
<record
    xmlns:xsi="http://www.w3.org/2001/XMLSchema-instance"
    xsi:schemaLocation="http://www.loc.gov/MARC21/slim http://www.loc.gov/standards/marcxml/schema/MARC21slim.xsd"
    xmlns="http://www.loc.gov/MARC21/slim">

  <leader>01406namaa22003131i 4500</leader>
  <controlfield tag="005">20260701122205.0</controlfield>
  <controlfield tag="008">260701s1994    ua a|||frm||| 000 0 eng d</controlfield>
  <datafield tag="040" ind1=" " ind2=" ">
    <subfield code="a">EG-GICUC</subfield>
    <subfield code="b">eng</subfield>
    <subfield code="c">EG-GICUC</subfield>
    <subfield code="d">EG-GICUC</subfield>
    <subfield code="e">rda</subfield>
  </datafield>
  <datafield tag="041" ind1="0" ind2=" ">
    <subfield code="a">eng</subfield>
    <subfield code="b">eng</subfield>
    <subfield code="b">ara</subfield>
  </datafield>
  <datafield tag="049" ind1=" " ind2=" ">
    <subfield code="a">Deposite</subfield>
  </datafield>
  <datafield tag="097" ind1=" " ind2=" ">
    <subfield code="a">M.Sc</subfield>
  </datafield>
  <datafield tag="099" ind1=" " ind2=" ">
    <subfield code="a">Cai01.12.07.1994.Mo.A.</subfield>
  </datafield>
  <datafield tag="100" ind1="0" ind2=" ">
    <subfield code="a">Mona Ibrahim Mohamed Abdou,</subfield>
    <subfield code="e">preparation.</subfield>
  </datafield>
  <datafield tag="245" ind1="1" ind2="0">
    <subfield code="a">Assessment Of Some Fertility Hormones Normal Ranges In Some Egyptian Subjects Under Some Physioological Conditions / </subfield>
    <subfield code="c">By Mona Ibrahim Mohamed Abdou; Supervised By Dr. Hamdi M. Hassaneen, Dr. Yakout M. Megahed.</subfield>
  </datafield>
  <datafield tag="246" ind1="1" ind2="5">
    <subfield code="a">&#x62A;&#x639;&#x64A;&#x64A;&#x646; &#x645;&#x633;&#x62A;&#x648;&#x64A;&#x627;&#x62A; &#x627;&#x644;&#x645;&#x639;&#x62F;&#x644; &#x627;&#x644;&#x637;&#x628;&#x64A;&#x639;&#x649; &#x641;&#x64A; &#x647;&#x631;&#x645;&#x648;&#x646;&#x627;&#x644;&#x62A; &#x627;&#x644;&#x62E;&#x635;&#x648;&#x628;&#x629; &#x639;&#x646;&#x62F; &#x628;&#x639;&#x636; &#x627;&#x644;&#x645;&#x635;&#x631;&#x64A;&#x64A;&#x646; &#x62A;&#x62D;&#x62A; &#x628;&#x639;&#x636; &#x627;&#x644;&#x638;&#x631;&#x648;&#x641; &#x627;&#x644;&#x641;&#x633;&#x64A;&#x648;&#x644;&#x648;&#x62C;&#x64A;&#x629; &#x627;&#x644;&#x645;&#x62E;&#x62A;&#x644;&#x641;&#x629; /</subfield>
  </datafield>
  <datafield tag="264" ind1=" " ind2="0">
    <subfield code="c">1994.</subfield>
  </datafield>
  <datafield tag="300" ind1=" " ind2=" ">
    <subfield code="a">177 pages : </subfield>
    <subfield code="b">illustrations ;</subfield>
    <subfield code="c">30 cm. + </subfield>
  </datafield>
  <datafield tag="336" ind1=" " ind2=" ">
    <subfield code="2">rda content</subfield>
    <subfield code="a">text</subfield>
  </datafield>
  <datafield tag="337" ind1=" " ind2=" ">
    <subfield code="2">rdamedia</subfield>
    <subfield code="a">Unmediated</subfield>
  </datafield>
  <datafield tag="338" ind1=" " ind2=" ">
    <subfield code="2">rdacarrier</subfield>
    <subfield code="a">volume</subfield>
  </datafield>
  <datafield tag="502" ind1=" " ind2=" ">
    <subfield code="a">Thesis (M.Sc.) -Cairo University, 1994.</subfield>
  </datafield>
  <datafield tag="504" ind1=" " ind2=" ">
    <subfield code="a">Bibliography: pages 154-177. </subfield>
  </datafield>
  <datafield tag="653" ind1=" " ind2="0">
    <subfield code="a">Chemistry </subfield>
  </datafield>
  <datafield tag="700" ind1="0" ind2=" ">
    <subfield code="a">Hamdi M. Hassaneen</subfield>
    <subfield code="e">thesis advisor.</subfield>
  </datafield>
  <datafield tag="700" ind1="0" ind2=" ">
    <subfield code="a">Yakout M. Megahed</subfield>
    <subfield code="e">thesis advisor.</subfield>
  </datafield>
  <datafield tag="900" ind1=" " ind2=" ">
    <subfield code="D">Department of Chemistry </subfield>
    <subfield code="F">Faculty of Science </subfield>
    <subfield code="U">Cairo University</subfield>
    <subfield code="b">1994</subfield>
    <subfield code="c">Hamdi M. Hassaneen</subfield>
    <subfield code="c">Yakout M. Megahed</subfield>
  </datafield>
  <datafield tag="905" ind1=" " ind2=" ">
    <subfield code="a">Eman El gebaly </subfield>
  </datafield>
  <datafield tag="942" ind1=" " ind2=" ">
    <subfield code="2">ddc</subfield>
    <subfield code="c">TH</subfield>
    <subfield code="e">21</subfield>
    <subfield code="n">0</subfield>
  </datafield>
  <datafield tag="999" ind1=" " ind2=" ">
    <subfield code="c">180674</subfield>
  </datafield>
  <datafield tag="952" ind1=" " ind2=" ">
    <subfield code="2">ddc</subfield>
    <subfield code="9">319410</subfield>
    <subfield code="a">CUCL</subfield>
    <subfield code="b">100</subfield>
    <subfield code="d">2026-07-01</subfield>
    <subfield code="i">25486</subfield>
    <subfield code="o">Cai01.12.07.1994.Mo.A.</subfield>
    <subfield code="p">01010110025486000</subfield>
    <subfield code="r">2026-07-01 11:22:50</subfield>
    <subfield code="w">2026-07-01</subfield>
    <subfield code="y">TH</subfield>
  </datafield>
</record>
